书目信息 |
| 题名: |
鱼类学
|
|
| 作者: | 邓和频 主编 ;中央农业广播电视学校组 编 | |
| 分册: | ||
| 出版信息: | 北京 中国农业出版社 2004.04 |
|
| 页数: | 144页 | |
| 开本: | 26cm | |
| 丛书名: | ||
| 单 册: | ||
| 中图分类: | Q959.4 | |
| 科图分类: | ||
| 主题词: | 鱼类学--广播电视教育--教材 | |
| 电子资源: | ||
| ISBN: | 978-7-109-08867-2 | |
| 000 | 00920nam0 22002651 450 | |
| 001 | 002688931 | |
| 005 | 20111228090915.73 | |
| 010 | @a978-7-109-08867-2@dCNY13.10 | |
| 096 | @aQ959@bdhp | |
| 100 | @a20040727d2004 em y0chiy50 ea | |
| 101 | 0 | @achi |
| 102 | @aCN@b110000 | |
| 105 | @ay z 000yy | |
| 200 | 1 | @a鱼类学@9yu lei xue@f中央农业广播电视学校组编@Fzhong yang nong ye guang bo dian shi xue xiao zu bian |
| 210 | @a北京@c中国农业出版社@d2004.04 | |
| 215 | @a144页@d26cm | |
| 300 | @a全国农业广播电视学校教材 | |
| 304 | @a中央农业广播电视学校组编 | |
| 330 | @a该书阐述了鱼类形态结构、生理技能、生长发育、生活习性以及种类区分和地理分布等基础知识。 | |
| 606 | 0 | @a鱼类学@x广播电视教育@j教材 |
| 690 | @aQ959.4@v4 | |
| 701 | 0 | @a邓和频@9deng he pin@4主编 |
| 711 | 02 | @a中央农业广播电视学校组@Azhong yang nong ye guang bo dian shi xue xiao zu@4编 |
| 801 | 0 | @c20111228 |
| 905 | @aZUCC@dQ959.4@eZ711@f2 | |
| 鱼类学/中央农业广播电视学校组编.-北京:中国农业出版社,2004.04 |
| 144页;26cm |
| 全国农业广播电视学校教材 |
| ISBN 978-7-109-08867-2:CNY13.10 |
| 该书阐述了鱼类形态结构、生理技能、生长发育、生活习性以及种类区分和地理分布等基础知识。 |
| ● |
| 相关链接 |
|
|
|
正题名:鱼类学
索取号:Q959.4/Z711
 
预约/预借
| 序号 | 登录号 | 条形码 | 馆藏地/架位号 | 状态 | 备注 |
| 1 | 1182295 | 211822955 | 自科库401/401自科库 37排3列3层/ [索取号:Q959.4/Z711] | 在馆 | |
| 2 | 1182296 | 211822964 | 自科库401/401自科库 37排3列3层/ [索取号:Q959.4/Z711] | 在馆 |